Hello! HTML5 & CSS3 : (رقم التسجيلة. 35186)

تفاصيل مارك
000 -الفاتح
حقل البيانات ثابتة الطول 00745nam a22002417a 4500
003 - محدد رقم الضبط
رقم الضبط OSt
005 - وقت وتاريخ اخر تعامل مع التسجيلة
رقم الضبط 20150408114219.0
008 - عناصر البيانات ثابتة الطول - معلومات عامة
حقل البيانات ثابتة الطول 140517s2013 nyua g 001 0 eng d
020 ## - الرقم الدولى المعيارى للكتب
الرقم الدولى المعيارى للكتاب 9781935182894
020 ## - الرقم الدولى المعيارى للكتب
الرقم الدولى المعيارى للكتاب 1935182897
040 ## - مصدر الفهرسة
وكالة الفهرسة الأصلية Ma-Un
082 00 - رقم تصنيف ديوى العشرى
رقم الطبعة 22
رقم التصنيف 006.74
رقم المادة CRH
100 1# - المدخل الرئيسى - إسم شخصى
الإسم الشخصى Crowther, Rob
9 (RLIN) 45389
245 10 - بيان العنوان
العنوان Hello! HTML5 & CSS3 :
بقية العنوان a user-friendly reference guide /
بيان المسئوليه,etc Rob Crowther.
260 ## - PUBLICATION, DISTRIBUTION, ETC. (IMPRINT)
مكان الناشر او الموزع Shelter Island, NY :
اسم الناشر او الموزع Manning,
تاريخ النشر أو التوزيع 2013
300 ## - الوصف المادى
التعداد xxvi, 533 p. :
تفاصيل ماديه اخرى للوعاء ill. ;
أبعاد الوعاء 24 cm.
500 ## - تبصرة عامة
تبصرة عامة Includes index.
650 ## - المدخل الاضافى بالموضوع-مصطلح موضوعى
مصطلح موضوعي أو اسم جغرافي كعنصر مدخل HTML (Document markup language)
650 ## - المدخل الاضافى بالموضوع-مصطلح موضوعى
مصطلح موضوعي أو اسم جغرافي كعنصر مدخل Cascading style sheets
650 ## - المدخل الاضافى بالموضوع-مصطلح موضوعى
مصطلح موضوعي أو اسم جغرافي كعنصر مدخل Web sites
التقسيم الفرعي العام Design
942 ## -
-- ddc
-- BOOK
999 ## -
-- 35186
-- 269686
المقتنيات
حالة الفقد نموذج السعر الفعال حالة تلف ليس للاعارة رقم الطلب رقم النسخة تاريخ الاكتساب مصدر التزويد Serial Enumeration / chronology الباركود الفرع الرئيسي Date last seen نوع المادة فى نظام كوها مصدر التصنيف او خطة الترفيف Total Checkouts
  2014-05-17   Not For Loan 006.74 CRH 1 2014-05-17 دار العرب CL 00210511 المكتبة المركزية بالمجمعة (CL) 2014-05-17 كتاب Dewey Decimal Classification  
  2014-05-17     006.74 CRH 2 2014-05-17 دار العرب CL 00210510 المكتبة المركزية بالمجمعة (CL) 2014-05-17 كتاب Dewey Decimal Classification  
  2014-05-17     006.74 CRH 3 2014-05-17 دار العرب CL 00210509 المكتبة المركزية بالمجمعة (CL) 2014-05-17 كتاب Dewey Decimal Classification  
  2015-10-20     006.74 CRH   2015-10-20   CL 00654640 مكتبة كلية العلوم الطبية التطبيقية بالمجمعة - طالبات (AMF) 2015-10-20 كتاب Dewey Decimal Classification  
  2015-10-20     006.74 CRH   2015-10-20   CL 00654641 مكتبة كلية العلوم الطبية التطبيقية بالمجمعة - طالبات (AMF) 2015-10-20 كتاب Dewey Decimal Classification